Olympischer Medaillenspiegel - Athen 1896 - Statistiken

Allgemein
  • Dieses Quiz wurde 24 mal gespielt
  • Das Durchschnittsergebnis liegt bei 8 aus 10
Antwortstatistiken
Gold Silber Bronze Gesamt Land % Korrekt
6 5 2 13 Deutschland
100%
5 4 2 11 Frankreich
100%
10 17 19 46 Griechenland
100%
11 7 2 20 Vereinigte Staaten
95%
2 3 2 7 Großbritannien
91%
2 1 2 5 Österreich
82%
1 2 0 3 Schweiz
82%
1 2 3 6 Dänemark
59%
2 1 3 6 Ungarn
55%
1 1 1 3 Gemischte Mannschaft
5%
Keine übereinstimmenden Quizze gefunden
Verteilung der Resultate
Anzahl Personen mit jedem Resultat
Perzentil nach korrekt beantworteten Fragen
Ihre Resultats-Entwicklung
Sie haben dieses Quiz noch nicht gespielt